000 00439nam a2200169Ia 4500
005 20240921143637.0
008 240921s9999||||xx |||||||||||||| ||und||
041 _aENGLISH
082 _A629.132323 N6;1
100 _aYahya S M
245 0 _aFundamentals of compressible flow
250 _a2nd
260 _c1996
_bNew Age International (P
_aNew Delhi
650 _aMechanical Engineering
_bMechanical
942 _cBB
999 _c248094
_d248094